The Retail Environment /

Enregistré dans:
Détails bibliographiques
Auteur principal: Simmons, Ken Jones
Autres auteurs: Simmons, Jim
Format: Sách giấy
Langue:English
Publié: London : Routledge, 1990
Tags: Ajouter un tag
Pas de tags, Soyez le premier à ajouter un tag!
Thư viện lưu trữ: Thư viện Trường Đại học Đà Lạt
LEADER 00592nam a2200253 4500
001 DLU020001049
005 ##1/14/1999
020 # # |a 0-415-04985-7 
041 # # |a eng 
082 # # |a 658.87  |b JO-K 
100 # # |a Simmons, Ken Jones 
245 # # |a The Retail Environment /  |c Ken Jones and Jim Simmons 
260 # # |a London :  |b Routledge,  |c 1990 
300 # # |a X, 492 tr.;  |c 23 cm. 
700 # # |a Simmons, Jim 
992 # # |a 345000 
994 # # |a DLU 
900 # # |a False 
911 # # |a Administrator 
925 # # |a G 
926 # # |a A 
927 # # |a SH 
980 # # |a Thư viện Trường Đại học Đà Lạt